| 000 | 00000nam 2200000zi 4500 |
| 001 | 9.941128 |
| 003 | CaOODSP |
| 005 | 20250224144120 |
| 006 | m o d f |
| 007 | cr mn||||||||| |
| 008 | 240726s1983 onc o f000 0 fre d |
| 040 | |aCaOODSP|bfre|erda|cCaOODSP |
| 043 | |an-cn--- |
| 086 | 1 |aC23-281/1983F-PDF |
| 245 | 03|aLe deĢveloppement industriel et reĢgional : |bla proposition. |
| 264 | 1|a[Ottawa] : |bGouvernement du Canada, Industrie et Commerce et Expansion économique régionale = Government of Canada, Industry, Trade and Commerce and Regional Economic Expansion, |c[1983] |
| 300 | |a1 ressource en ligne (1 volume (en pagination multiple)) |
| 336 | |atexte|btxt|2rdacontent/fre |
| 337 | |ainformatique|bc|2rdamedia/fre |
| 338 | |aressource en ligne|bcr|2rdacarrier/fre |
| 500 | |aÉdition numérisée de l'imprimé [par Innovation, sciences et développement économique Canada]. |
| 500 | |aPublié aussi en anglais sous le titre : Industrial and regional development : the proposal. |
| 650 | 6|aAide au développement économique régional|zCanada. |
| 650 | 6|aAménagement du territoire|zCanada. |
| 650 | 6|aPromotion industrielle|zCanada. |
| 710 | 1 |aCanada. |bIndustrie et commerce, |eorganisme de publication. |
| 710 | 1 |aCanada. |bMinistère de l'expansion industrielle régionale, |eorganisme de publication. |
| 775 | 08|tIndustrial and regional development : |w(CaOODSP)9.899610 |
| 856 | 40|qPDF|s733 Ko|uhttps://publications.gc.ca/collections/collection_2024/isde-ised/c23/C23-281-1983-fra.pdf |